000 00291nam a22001097a 4500
008 170124b xxu||||| |||| 00| 0 eng d
020 _a9780130305190
041 _aeng
080 _26TH
_a618.2
245 _aLABORATORY AND DIAGNOSTIC TESTS WITH NURSING IMPLICATIONS
_cKEE, J.L
942 _2udc
_cBK
999 _c3546
_d3546